El lobo estepario / (Registro nro. 11018)

Detalles MARC
000 -LIDER
fixed length control field 00727nam a22002537a 4500
001 - NÚMERO DE CONTROL
Identificador de número de control 00803
003 - IDENTIFICACDOR DE NÚMERO DE CONTROL
control field DO-SdBNP
005 - DATE AND TIME OF LATEST TRANSACTION
control field 20180125111111.0
007 - CAMPOS FIJOS DE DESCRIPCIÓN FÍSICA
fixed length control field 00803
008 - ELEMENTOS DE LONGITUD FIJA
fixed length control field 160722b 1991 ec||||| |||| 00| 0 spa d
020 ## - ISBN
International Standard Book Number 9978800565
040 ## - FUENTE DE CATALOGACIÓN
Agencia que crea de manera original el registro BPMSU
Idioma de catalogación spa
Agencia que realiza la transcripción BPMSU
092 ## - LOCALLY ASSIGNED DEWEY DECIMAL CALL NUMBER
Número de clasificación xxxxxxx
Número de ítem (Cutter) xxxxxxx
100 1# - ASIENTO PRINCIPAL -- NOMBRE PERSONAL
Nombre personal Hesse, Hermann
245 13 - MENCIÓN DE TITULO
Título El lobo estepario /
Mención de responsabilidad Hermann Hesse ; introducción María Eugenia Moscoso de Cordero
260 ## - PUBLICACIÓN, DISTRIBUCIÓN, ETC. (PIE DE IMPRENTA)
Lugar de publicación, distribución, etc Quito, Ecuador :
Nombre del editor, distribuidor, etc. Libresa,
Fecha de publicación, distribución, etc 1991.
300 ## - DESCRIPCIÓN FÍSICA
Extensión 238 p. :
Dimensiones 20 cm.
490 1# - MENCIÓN DE SERIES
Mención de serie Antares
Volume/sequential designation 28
700 1# - ASIENTO SECUNDARIO -- NOMBRE PERSONAL
Nombre personal Moscoso, María Eugenia,
Mención de responsabilidad intr.
830 #0 - ASIENTO SECUNDARIO DE SERIE--TÍTULO UNIFORME
Título uniforme Antares
Número de la parte o sección de una obra 28
942 ## - ADDED ENTRY ELEMENTS (KOHA)
Source of classification or shelving scheme Dewey Decimal Classification
Koha item type Libros
945 ## - INFORMACIÓN DE PROCESAMIENTO LOCAL
Información de procesamiento local Inventariado extranjero / 2018 VM
956 ## - LOCAL ELECTRONIC LOCATION AND ACCESS (OCLC)
Nombre de host BTAVÁREZ
Número de acceso 10
Información de compresión 20162207
Trayectoria 00803
Existencias
Withdrawn status Lost status Source of classification or shelving scheme Damaged status Not for loan Collection code Home library Current library Date acquired Source of acquisition Total Checkouts Barcode Date last seen Price effective from Koha item type
    Dewey Decimal Classification     Colección General Biblioteca Pública Metropolitana Salomé Ureña Biblioteca Pública Metropolitana Salomé Ureña 07/22/2016 Donación   BPMSU16070644 07/22/2016 07/22/2016 Libros